Statistics for 10 Most Consumed Meats In The World

Click here to take the quiz!

General Stats

  • This quiz has been taken 901 times
  • The average score is 7 of 10

Answer Stats

HintAnswer% Correct
3Chicken
98%
4Beef
96%
1Pork
93%
2Fish
77%
6Turkey
67%
5Goat
62%
8Sheep
62%
7Duck
58%
10Rabbit
36%
9Goose
35%

Score Distribution

Percentile by Number Answered

Percent of People with Each Score

Your Score History

You have not taken this quiz